Eclipse /
Guardado en:
| Autor Principal: | |
|---|---|
| Formato: | Libro |
| Publicado: |
Buenos Aires :
Alfaguara,
2007
|
| Materias: | |
| Etiquetas: |
Agregar Etiqueta
Sin Etiquetas, Sea el primero en etiquetar este registro!
|
| LEADER | 00721nam a22002415a 4500 | ||
|---|---|---|---|
| 001 | CEM.cems013183 | ||
| 008 | 130507s2007##################000#0#####d | ||
| 005 | 20210810132825.0 | ||
| 003 | CEMS | ||
| 245 | 1 | 0 | |a Eclipse / |c Stephenie Meyer |
| 260 | |a Buenos Aires : |b Alfaguara, |c 2007 | ||
| 300 | |a 623 p. | ||
| 020 | |a 9789870408376 | ||
| 100 | 1 | |a Meyer, Stephenie | |
| 082 | 0 | 4 | |a 813.5 |
| 653 | |a Literatura | ||
| 653 | |a Literatura norteamericana | ||
| 653 | |a Literatura eeuu | ||
| 653 | |a Novelas | ||
| 653 | |a Novela norteamericana-siglo 20 | ||
| 653 | |a Novela juvenil norteamericana | ||
| 859 | |a CEMS |b BIB. CEMS - 11 de abril |h 813.5 |i M575-2 |p 25644.09 |t Ej.1 | ||
| 859 | |a CEMS |b BIB. CEMS - 11 de abril |h 813.5 |i M575-2 |p 29096.21 |t 2 | ||
